000 00450nam a2200181Ia 4500
008 151202s9999||||xx |||||||||||||| ||und||
082 _bPNVM-83285
100 _aSHELDON SIDNEY.
245 _aTell me your dreams.
260 _bHARPER COLLINS PUBLISHER.
260 _c2005
300 _a341
600 _aSHELDON SIDNEY.
630 _aTell me your dreams.
700 _aSHELDON SIDNEY.
730 _aTell me your dreams.
942 _cBOOK
999 _c1348112
_d1348109